Baloncesto: ataques y defensas múltiples
Kaydedildi:
| Asıl Yazarlar: | , |
|---|---|
| Materyal Türü: | Kitap |
| Dil: | İspanyolca |
| Baskı/Yayın Bilgisi: |
Madrid
Pila Teleña
1988
|
| Konular: | |
| Etiketler: |
Etiketle
Etiket eklenmemiş, İlk siz ekleyin!
|
MARC
| LEADER | 00000nam a2200000 a 4500 | ||
|---|---|---|---|
| 001 | UCW5021 | ||
| 003 | CL-VaPUC | ||
| 008 | 901112e19880000SP |||||||||||||||||spa|d | ||
| 082 | 0 | 4 | |a 796.323 |b SMI |2 21 |
| 100 | 0 | |a Smith, Dean |e author |9 309828 | |
| 700 | 0 | |a Spear, Bob |e author |9 309829 | |
| 245 | 1 | 0 | |a Baloncesto: ataques y defensas múltiples |
| 300 | |a 318 p | ||
| 942 | |c BK | ||
| 945 | |d 19901112 00:00:00 | ||
| 260 | |a Madrid |b Pila Teleña |c 1988 | ||
| 650 | 7 | |a BASQUETBOL |2 CL-VaPUC |9 309830 | |
| 583 | |a last modification |c 19901112 00:00:00 |k Rodrigo Vera | ||
| 999 | |c 218542 |d 218540 | ||
| 952 | |0 0 |1 0 |4 0 |6 796_323000000000000_SMI_1988 |7 0 |8 A |9 208264 |a BIBEDU |b BIBEDU |d 2019-11-15 |i 2762099 |o 796.323 SMI 1988 |p 2762099 |r 2023-08-09 |w 2019-11-15 |y BK |k EDU | ||
| 952 | |0 0 |1 0 |4 0 |6 796_323000000000000_SMI_1988 |7 0 |8 A |9 208265 |a BIBEDU |b BIBEDU |d 2019-11-15 |i 2762102 |o 796.323 SMI 1988 |p 2762102 |r 2023-08-09 |w 2019-11-15 |y BK |k EDU | ||